• 首页
  • 本馆介绍
  • 公告通知
  • 最新文献
  • 馆藏检索
  • 电子资源
  • 读者荐购
  • 参考咨询
  • CALIS
  • 我的图书馆
  • 登录
  • 详细信息显示
  • 放入我的书架
  • 预约/预借图书
  • 作者相关作品
  • 分类相关作品
  • 丛书相关作品
  • 出版社相关作品

书目信息

  • 表格格式
  • 工作单格式
  • 卡片格式
题名:
注册安全工程师执业资格考试考前强化及模拟试题汇编
    
 
作者: ;中安科企业管理咨询中心 编
分册:  
出版信息: 北京   企业管理出版社  2005.05
页数: 310页
开本: 26cm
丛书名:
单 册:
中图分类: X93-44
科图分类:
主题词: 安全工程--an quan gong cheng--考核--试题
电子资源:
ISBN: 7-80197-230-9
 
 
 
 
 
000 00971nam0 2200217 450
001 012006299281
005 20060306152209.49
010    @a7-80197-230-9@dCNY58.00
100    @a20060306d2005 km y0chiy0120 ea
101 0  @achi
102    @aCN@b110000
105    @ay q 000yy
200 1  @a注册安全工程师执业资格考试考前强化及模拟试题汇编@Azhu ce an quan gong cheng shi zhi ye zi ge kao shi kao qian qiang hua ji mo ni shi ti hui bian@f中安科企业管理咨询中心编@Fzhong an ke qi ye guan li zi xun zhong xin bian
210    @a北京@c企业管理出版社@d2005.05
215    @a310页@d26cm
330    @a本书包括:安全生产法及相关法律知识、安全生产管理知识、安全生产技术、安全生产事故案例分析四部分内容。每一部分包括强化练习题和模拟试题,书后附有参考答案。
606 0  @a安全工程@Aan quan gong cheng@x考核@j试题
690    @aX93-44@v4
711 02 @a中安科企业管理咨询中心@Azhong an ke qi ye guan li zi xun zhong xin@4编
801  0 @aCN@bQSSK@c20060306
905    @a10447@dX93-44@eZ495
    
    注册安全工程师执业资格考试考前强化及模拟试题汇编/中安科企业管理咨询中心编.-北京:企业管理出版社,2005.05
    310页;26cm
    
    
    ISBN 7-80197-230-9:CNY58.00
    本书包括:安全生产法及相关法律知识、安全生产管理知识、安全生产技术、安全生产事故案例分析四部分内容。每一部分包括强化练习题和模拟试题,书后附有参考答案。
●
相关链接 在E读中查询图书 在当当中查询图书 在豆瓣中查询图书


正题名:注册安全工程师执业资格考试考前强化及模拟     索取号:X93-44/Z495         预约/预借

序号 登录号 条形码 馆藏地/架位号 状态 备注
1 554747   205547470   自科库501/501自科库 121排2列5层/ [索取号:X93-44/Z495] 在馆    
2 554748   205547489   自科库501/501自科库 121排2列5层/ [索取号:X93-44/Z495] 在馆    
3 554749   205547498   期刊室512/501自科库 121排2列5层/ [索取号:X93-44/Z495] 在馆    
河南城建学院图书馆 欢迎您!
大连网信软件有限公司© 版权所有